000 00763nam a22002057a 4500
999 _c20252
_d20252
003 AR-CdUCM
008 190528b ||||| |||| 00| 0 spa d
040 _aMUNICIPALIDAD PROVINCIAL DEL CUSCO
_cBIBLIOTECA MUNICIPAL DEL CUSCO
082 _a330.028 /
_bM32
_22ed.
100 _aMax, Hermann
_942326
245 _aInvestigación económica :
_bSu metodología y su técnica /
260 _aMéxico :
_bFondo de Cultura Económica,
_c1965.
300 _a181 páginas ;
_c21 cm.
505 _aContenido: La metodología de la investigación -- La técnica de la investigación -- las fuentes de la Investigación...
650 _aEconomía
_9382
650 _aInvestigación
_91940
650 _aMetodología
_92264
942 _2ddc
_cLIBROS
945 _aJavier